000 01293nam a22002177a 4500
999 _c63083
_d63083
003 Ge_BSU
005 20250530145117.0
008 250530s2021 ge ||||| |||| 00| 0 geo d
020 _a9789941838125
041 _ageo
080 _a141.32 : 165.742 ს-28
100 _aსარტრი, ჟან-პოლ
_921659
245 _aეგზისტენციალიზმი ჰუმანიზმია; ეგოს ტრანსცენდენცია :
_bფენომენოლოგიური აღწერის მონახაზი; ემოციათა თეორიის მონახაზი /
_c ჟან-პოლ სარტრი; მთარგმნელები: თამარ ქავთარაძე, მანანა ბოსტოღანაშვილი.
264 _aთბილისი :
_bაქტი,
_c2021.
300 _a202 გვ. ;
_b21 სმ.
653 _aეგზისტენციალიზმი
653 _aჰუმანიზმი.
700 _aქავთარაძე, თამარ
_eმთარგმნელი
_914000
700 _aბოსტოღანაშვილი
_eმანანა, მთარგმნელი
_925191
942 _2udc
_cᲬᲘᲒᲜᲘ